Études critiques sur les sources del'histoire mérovingienne / (Record no. 177666)

MARC details
000 -LEADER
campo de control de longitud fija 01048nam a2200241 i 4500
001 - NÚMERO DE CONTROL
campo de control 177666
003 - IDENTIFICADOR DE NÚMERO DE CONTROL
campo de control ES-MaACL
005 - FECHA Y HORA DE LA ÚLTIMA TRANSACCIÓN
campo de control 20250726075519.0
008 - DATOS DE LONGITUD FIJA--INFORMACIÓN GENERAL
campo de control de longitud fija 110411m18721885fr |||| | fre d
080 ## - NÚMERO DE LA CLASIFICACIÓN DECIMAL UNIVERSAL
Número de la Clasificación Decimal Universal 940"476/687"(093)(04)
100 1# - ENTRADA PRINCIPAL--NOMBRE DE PERSONA
Nombre de persona Monod, Gabriel.
9 (RLIN) 82255
245 10 - MENCIÓN DEL TÍTULO
Título Études critiques sur les sources del'histoire mérovingienne /
Mención de responsabilidad, etc. par Gabriel Monod.
260 ## - PUBLICACIÓN, DISTRIBUCIÓN, ETC.
Lugar de publicación, distribución, etc. Paris :
Nombre del editor, distribuidor, etc. A. Franck,
Fecha de publicación, distribución, etc. 1872-1885.
300 ## - DESCRIPCIÓN FÍSICA
Extensión 2 v. ;
Dimensiones 25 cm.
490 1# - MENCIÓN DE SERIE
Mención de serie Bibliothèque de l'École des hautes études. Sciences philologiques et historiques ;
Designación de volumen o secuencia fasc. 8, 63
505 8# - NOTA DE CONTENIDO CON FORMATO
Nota de contenido con formato Contiene: 1. Introduction ; Grégoire de Tours, Marius d'Avenches - 2. La compilation dite de "Frédégaire"
600 14 - PUNTO DE ACCESO ADICIONAL DE MATERIA--NOMBRE DE PERSONA
Nombre de persona Gregorio de Tours
Títulos y otros términos asociados al nombre Santo.
9 (RLIN) 111152
651 #4 - PUNTO DE ACCESO ADICIONAL DE MATERIA--NOMBRE GEOGRÁFICO
Nombre geográfico Francia-
Subdivisión general Historia-
Subdivisión cronológica 476-687, Merovingios.
9 (RLIN) 146090
700 1# - ENTRADA AGREGADA--NOMBRE PERSONAL
Nombre de persona Fredegarius, Scholasticus.
9 (RLIN) 146092
830 10 - PUNTO DE ACCESO ADICIONAL DE SERIE-TÍTULO UNIFORME
Título uniforme Bibliothèque de l'École des Hautes Études. Sciences historiques et philologiques
Designación de volumen o secuencia fasc. 8, 63
9 (RLIN) 229685
852 ## - LOCALIZACIÓN
Ubicación ES-MaACL
Número de control de estantería C-7552-53
Holdings
Estatus retirado Estado de pérdida Estado de daño No para préstamo Colección Biblioteca de origen Biblioteca actual Ubicación en estantería Fecha de adquisición Fuente de adquisición Total de préstamos Signatura topográfica completa Código de barras Visto por última vez Precio de reemplazo Tipo de ítem Koha
        Libros del s. XIX Biblioteca del Ateneo de Madrid Biblioteca del Ateneo de Madrid Sala Palomar 11/04/2011     C-7552-53 1186618 23/02/2023 23/02/2023 Libro impreso antiguo